[Event "FRA-chT2 East 0607"]
[Site "France"]
[Date "2007.02.11"]
[Round "7.4"]
[White "Brethes, Francois"]
[Black "Kempenich, Jean Michel"]
[Result "1-0"]
[WhiteElo "2178"]
[BlackElo "2106"]
[PlyCount "69"]
[EventDate "2006.10.15"]
[EventType "team"]
[EventRounds "11"]
[EventCountry "FRA"]
[SourceTitle "EXT 2008"]
[Source "ChessBase"]
[SourceDate "2007.11.25"]
[SourceVersion "1"]
[SourceVersionDate "2007.11.25"]
[SourceQuality "1"]
[WhiteTeam "Bischwiller II"]
[BlackTeam "Sarreguemines"]
[WhiteTeamCountry "FRA"]
[BlackTeamCountry "FRA"]

1. d4 Nf6 2. Nf3 e6 3. c4 Bb4+ 4. Bd2 c5 5. Bxb4 cxb4 6. Nbd2 d6 7. e4 0-0 8. e5 dxe5 9. dxe5 Nfd7 10. Bd3 Nc6 11. Qe2 Nc5 12. Bc2 Nd4 13. Nxd4 Qxd4 14. Nf3 Qxb2 15. 0-0 g6 16. Ng5 Qd4 17. Rad1 Qf4 18. Nf3 Bd7 19. Rd4 Qh6 20. Rh4 Qg7 21. Qe3 b6 22. Ng5 h6 23. Nh3 Kh7 24. g4 Ba4 25. Bb1 Kg8 26. Rxh6 Rfd8 27. Rh4 Nd7 28. f4 Bc6 29. g5 Qf8 30. Nf2 Qc5 31. Qh3 Kf8 32. Bxg6 Ke7 33. Bxf7 Nf8 34. Bxe6 Rd2 35. Qf5 1-0

[Event "FRA-chT2D 0506"]
[Site "France"]
[Date "2006.03.12"]
[Round "9.4"]
[White "Genzling, Alain"]
[Black "Kempenich, Jean Michel"]
[Result "1/2-1/2"]
[WhiteElo "2140"]
[BlackElo "2095"]
[PlyCount "109"]
[EventDate "2005.10.27"]
[EventType "team-tourn"]
[EventRounds "11"]
[EventCountry "FRA"]
[SourceTitle "EXT 2006"]
[Source "ChessBase"]
[SourceDate "2005.11.24"]
[SourceVersion "1"]
[SourceVersionDate "2005.11.24"]
[SourceQuality "1"]
[WhiteTeam "Bischwiller"]
[BlackTeam "Paris NAO II"]
[WhiteTeamCountry "FRA"]
[BlackTeamCountry "FRA"]

1. e4 c5 2. Nf3 d6 3. d4 cxd4 4. Nxd4 Nf6 5. Nc3 g6 6. h3 Bg7 7. g3 Nc6 8. Be3 0-0 9. Bg2 Nxd4 10. Bxd4 Be6 11. 0-0 Nd7 12. Bxg7 Kxg7 13. Qd4+ Kg8 14. Nd5 Bxd5 15. exd5 Qb6 16. Qxb6 Nxb6 17. Rfe1 Rfe8 18. b3 Rac8 19. c4 Rc7 20. Re3 e5 21. dxe6 Rxe6 22. Rae1 Rxe3 23. Rxe3 Kf8 24. f4 Nd7 25. Kf2 a5 26. g4 h6 27. h4 Nc5 28. Bd5 Re7 29. g5 hxg5 30. fxg5 Rxe3 31. Kxe3 Ke7 32. Kd4 b6 33. Bf3 Nd7 34. Kd5 Ne5 35. Be2 Kd7 36. a3 Kc7 37. h5 gxh5 38. Bxh5 Kd7 39. b4 axb4 40. axb4 Nd3 41. Bxf7 Nxb4+ 42. Ke4 Ke7 43. Bd5 Kf8 44. Kd4 Na6 45. Be4 Nc7 46. Bf5 Ke7 47. Ke4 b5 48. cxb5 Nxb5 49. Kf4 Nd4 50. Bd3 Ne6+ 51. Kf5 Nxg5 52. Kxg5 d5 53. Kf4 Kd6 54. Ke3 d4+ 55. Kxd4 1/2-1/2

[Event "FRA-chT2D 0506"]
[Site "France"]
[Date "2006.01.14"]
[Round "5.3"]
[White "Leroy, Didier"]
[Black "Kempenich, Jean Michel"]
[Result "1-0"]
[WhiteElo "2289"]
[BlackElo "2095"]
[PlyCount "65"]
[EventDate "2005.10.27"]
[EventType "team-tourn"]
[EventRounds "11"]
[EventCountry "FRA"]
[SourceTitle "EXT 2006"]
[Source "ChessBase"]
[SourceDate "2005.11.24"]
[SourceVersion "1"]
[SourceVersionDate "2005.11.24"]
[SourceQuality "1"]
[WhiteTeam "Evry II"]
[BlackTeam "Paris NAO II"]
[WhiteTeamCountry "FRA"]
[BlackTeamCountry "FRA"]

1. d4 Nf6 2. c4 e6 3. Nc3 Bb4 4. e3 0-0 5. Nge2 d5 6. a3 Be7 7. Nf4 c6 8. b4 a6 9. Bb2 dxc4 10. Bxc4 Nbd7 11. Bxe6 fxe6 12. Nxe6 Qb6 13. Qb3 Kh8 14. 0-0 Nb8 15. Nxf8 Bxf8 16. e4 Qd8 17. Rad1 Bg4 18. Rd3 Qe8 19. f4 Be6 20. d5 Bf7 21. Qd1 cxd5 22. e5 Ng8 23. Nxd5 Bxd5 24. Rxd5 Nc6 25. f5 Rd8 26. f6 Nh6 27. e6 Rxd5 28. Qxd5 Qg6 29. fxg7+ Bxg7 30. Rf8+ Ng8 31. Rxg8+ Kxg8 32. e7+ Kh8 33. Qd8+ 1-0